[Event "BL2 Sued 1516 (Women)"]
[Site "Germany"]
[Date "2015.12.06"]
[Round "4.1"]
[White "Worek, Joanna"]
[Black "Kempe, Anne"]
[Result "1-0"]
[WhiteElo "2324"]
[BlackElo "1793"]
[PlyCount "63"]
[EventDate "2015.09.26"]
[EventType "team-tourn"]
[EventRounds "7"]
[EventCountry "GER"]
[SourceTitle "EXT 2017"]
[Source "ChessBase"]
[SourceDate "2016.10.25"]
[SourceVersion "1"]
[SourceVersionDate "2016.10.25"]
[SourceQuality "1"]
[WhiteTeam "Mainz Schott (W)"]
[BlackTeam "Chemnitz Aufbau (W)"]
[WhiteTeamCountry "GER"]
[BlackTeamCountry "GER"]

1. d4 Nf6 2. c4 g6 3. Nf3 Bg7 4. Nc3 d6 5. Bg5 0-0 6. e3 Nbd7 7. Qc2 h6 8. Bh4 c5 9. Be2 Rb8 10. 0-0 b6 11. Rad1 Bb7 12. d5 Bc8 13. Nd2 Nh7 14. f4 f5 15. Nb5 Ndf6 16. Nxa7 Bd7 17. Nc6 Bxc6 18. dxc6 Qc7 19. Bf3 Kh8 20. Nb1 b5 21. cxb5 Rxb5 22. a4 Rbb8 23. Nc3 Qa5 24. Nb5 Rxb5 25. axb5 Qxb5 26. Qe2 Qb6 27. Ra1 Re8 28. Qa6 Qb3 29. c7 Qxe3+ 30. Bf2 Qe6 31. Qc6 Rc8 32. Ra8 1-0

[Event "BL2 Sued 1516 (Women)"]
[Site "Germany"]
[Date "2015.09.26"]
[Round "1.2"]
[White "Kempe, Anne"]
[Black "Poetsch, Leonore"]
[Result "1/2-1/2"]
[WhiteElo "1793"]
[BlackElo "1860"]
[PlyCount "128"]
[EventDate "2015.09.26"]
[EventType "team-tourn"]
[EventRounds "7"]
[EventCountry "GER"]
[SourceTitle "EXT 2017"]
[Source "ChessBase"]
[SourceDate "2016.10.25"]
[SourceVersion "1"]
[SourceVersionDate "2016.10.25"]
[SourceQuality "1"]
[WhiteTeam "Chemnitz Aufbau (W)"]
[BlackTeam "Langen (W)"]
[WhiteTeamCountry "GER"]
[BlackTeamCountry "GER"]

1. e4 e6 2. d4 d5 3. exd5 exd5 4. Be3 Bd6 5. Bd3 Ne7 6. Nc3 c6 7. Nge2 Bf5 8. Bf4 0-0 9. 0-0 Bxf4 10. Nxf4 Qb6 11. Re1 Qxd4 12. Rxe7 Qxf4 13. Rxb7 Nd7 14. Ne2 Qe5 15. Bxf5 Nc5 16. Bxh7+ Kxh7 17. Rb4 Ne4 18. Rb3 Rab8 19. Qd4 f6 20. f3 Nd6 21. Qd3+ f5 22. Nd4 Rxb3 23. axb3 c5 24. Nc6 Qxb2 25. Re1 Nc8 26. Re5 c4 27. bxc4 Qb6+ 28. Nd4 dxc4 29. Qxc4 Nd6 30. Qc5 Rc8 31. Qxb6 axb6 32. Re6 Rd8 33. Nc6 Rd7 34. Ne5 Rd8 35. Kf2 b5 36. Nc6 Rd7 37. Nd4 Ne4+ 38. fxe4 Rxd4 39. Ke3 Rc4 40. Kd3 fxe4+ 41. Rxe4 Rc5 42. Rg4 g5 43. c3 Kh6 44. Kc2 Kh5 45. h3 Rf5 46. Kb3 Rf4 47. Rg3 Kh4 48. Rd3 Rf2 49. Rd4+ Kh5 50. g3 Rf3 51. h4 Rxg3 52. hxg5 Rxg5 53. Kb4 Kg6 54. Rd6+ Kf7 55. Rb6 Ke7 56. Rxb5 Rg4+ 57. Kc5 Kd7 58. Rb6 Rg5+ 59. Kb4 Kc7 60. Rh6 Rg4+ 61. c4 Rg5 62. c5 Rg1 63. c6 Rb1+ 64. Ka3 Rc1 1/2-1/2

[Event "GER-ch U16 Girls"]
[Site "Magdeburg"]
[Date "2014.06.13"]
[Round "8"]
[White "Heinemann, Josefine"]
[Black "Kempe, Anne"]
[Result "1-0"]
[WhiteElo "2044"]
[BlackElo "1844"]
[PlyCount "59"]
[EventDate "2014.06.08"]
[EventType "swiss"]
[EventRounds "9"]
[EventCountry "GER"]
[SourceTitle "CBM 160 Extra"]
[Source "ChessBase"]
[SourceDate "2014.07.01"]
[SourceVersion "1"]
[SourceVersionDate "2014.07.01"]
[SourceQuality "1"]

1. e4 c5 2. Nf3 Nc6 3. d4 cxd4 4. Nxd4 Nf6 5. Nc3 d6 6. f3 e5 7. Nb3 Be7 8. Be3 Be6 9. Nd5 0-0 10. Nxe7+ Qxe7 11. Qd2 Rfd8 12. c4 Rac8 13. Be2 Ne8 14. Bg5 f6 15. Bh4 Qf7 16. Rc1 Rd7 17. 0-0 f5 18. f4 Ne7 19. fxe5 dxe5 20. Qc3 Ng6 21. exf5 Bxf5 22. Bg3 Qe6 23. Qe3 Rdc7 24. c5 Kh8 25. Bc4 Qf6 26. Bd3 Ne7 27. Bxe5 Qe6 28. Nd4 Qg6 29. Nxf5 Nxf5 30. Bxf5 1-0

[Event "BL2 Ost 1314 (Women)"]
[Site "Germany"]
[Date "2014.02.15"]
[Round "4.2"]
[White "Kempe, Anne"]
[Black "Lorenz, Nicole"]
[Result "1/2-1/2"]
[WhiteElo "1790"]
[BlackElo "1903"]
[PlyCount "114"]
[EventDate "2013.11.30"]
[EventType "team-tourn"]
[EventRounds "7"]
[EventCountry "GER"]
[SourceTitle "EXT 2018"]
[Source "ChessBase"]
[SourceDate "2017.10.13"]
[SourceVersion "1"]
[SourceVersionDate "2017.10.13"]
[SourceQuality "1"]
[WhiteTeam "Chemnitz Aufbau (W)"]
[BlackTeam "Leipzig Lindenau (W)"]
[WhiteTeamCountry "GER"]
[BlackTeamCountry "GER"]

1. e4 e5 2. Nf3 Nc6 3. Bb5 d6 4. c3 a6 5. Ba4 Nf6 6. Bc2 d5 7. exd5 Nxd5 8. 0-0 Bg4 9. Re1 Qf6 10. Be4 0-0-0 11. Qb3 Nf4 12. d4 Bxf3 13. Bxf3 Nd3 14. dxe5 Ndxe5 15. Be4 Ng4 16. Bf3 h5 17. Nd2 Qh4 18. Bxg4+ hxg4 19. Nf1 Bd6 20. g3 Qh5 21. Bf4 Bxf4 22. gxf4 Rd3 23. Re3 Rxe3 24. fxe3 g3 25. Qc2 gxh2+ 26. Qxh2 Qg6+ 27. Qg2 Qf6 28. Ng3 Rh6 29. Rd1 Kb8 30. Rd5 Rg6 31. Kf2 Rg4 32. Qh3 Rh4 33. Qg2 Ka7 34. Rc5 Rg4 35. b4 Qe6 36. Kf3 g6 37. Qe2 b6 38. Rxc6 Rxg3+ 39. Kxg3 Qxc6 40. Qd2 Qe4 41. a4 Qf5 42. Qd4 Qe6 43. c4 Qe7 44. Qc3 Qe4 45. c5 bxc5 46. Qxc5+ Kb7 47. b5 a5 48. Qa3 Qb4 49. Qa2 Qe1+ 50. Kf3 Qd1+ 51. Kf2 f5 52. Qc4 Qd2+ 53. Kf3 Qd1+ 54. Kf2 Qd2+ 55. Kf3 Qd1+ 56. Kg3 Qg1+ 57. Kf3 Qd1+ 1/2-1/2

[Event "GER-chT U20 Girls"]
[Site "Osnabrueck"]
[Date "2013.12.30"]
[Round "7.3"]
[White "Kempe, Anne"]
[Black "Schulze, Lara"]
[Result "1-0"]
[WhiteElo "1748"]
[BlackElo "1587"]
[PlyCount "77"]
[EventDate "2013.12.27"]
[EventType "team-swiss"]
[EventRounds "7"]
[EventCountry "GER"]
[SourceTitle "EXT 2015"]
[Source "ChessBase"]
[SourceDate "2014.11.20"]
[SourceVersion "1"]
[SourceVersionDate "2014.11.20"]
[SourceQuality "1"]
[WhiteTeam "Chemnitz"]
[BlackTeam "Lehrte"]
[WhiteTeamCountry "GER"]
[BlackTeamCountry "GER"]

1. e4 c5 2. Nf3 Nc6 3. Bc4 g6 4. 0-0 Bg7 5. c3 d6 6. Re1 Qc7 7. Bb3 e6 8. d4 cxd4 9. cxd4 Na5 10. Bc2 Ne7 11. Bd2 Nc4 12. Bc3 d5 13. e5 Bd7 14. Nbd2 Rc8 15. Rc1 Bh6 16. Nxc4 dxc4 17. Bd2 Bxd2 18. Nxd2 0-0 19. Ne4 Nd5 20. Qf3 Qd8 21. Qh3 f6 22. exf6 Nxf6 23. Nc5 Re8 24. Nxb7 Qb6 25. Nc5 Qxb2 26. Nxd7 Nxd7 27. Ba4 Qb7 28. d5 Re7 29. Rxe6 Rce8 30. Rxe7 Rxe7 31. Bxd7 Rxd7 32. Qe6+ Kg7 33. d6 c3 34. Qe5+ Kg8 35. Qxc3 Rxd6 36. h3 Ra6 37. Qc4+ Kg7 38. Qd4+ Kg8 39. Qd8+ 1-0

[Event "GER-chT U20 Girls"]
[Site "Osnabrueck"]
[Date "2013.12.27"]
[Round "2.3"]
[White "Kempe, Anne"]
[Black "Alsheimer, Lea"]
[Result "1-0"]
[WhiteElo "1748"]
[BlackElo "1406"]
[PlyCount "61"]
[EventDate "2013.12.27"]
[EventType "team-swiss"]
[EventRounds "7"]
[EventCountry "GER"]
[SourceTitle "EXT 2015"]
[Source "ChessBase"]
[SourceDate "2014.11.20"]
[SourceVersion "1"]
[SourceVersionDate "2014.11.20"]
[SourceQuality "1"]
[WhiteTeam "Chemnitz"]
[BlackTeam "Bechhofen"]
[WhiteTeamCountry "GER"]
[BlackTeamCountry "GER"]

1. e4 d5 2. exd5 Qxd5 3. Nc3 Qd8 4. d4 c6 5. Bf4 Nf6 6. h3 h6 7. Nf3 Bf5 8. Bc4 e6 9. 0-0 Be7 10. Re1 0-0 11. a3 Nbd7 12. Bb3 Re8 13. Ne2 b5 14. Ng3 Bh7 15. Ne5 Nxe5 16. Bxe5 Rc8 17. c4 bxc4 18. Bxc4 Qb6 19. b4 a5 20. bxa5 Qxa5 21. Re3 Red8 22. Nh5 Nxh5 23. Qxh5 Rxd4 24. Qe2 Rdd8 25. Qg4 Bg6 26. Bxe6 fxe6 27. Qxg6 Bf8 28. Qxe6+ Kh7 29. Rg3 Qa7 30. Qg6+ Kg8 31. Qxh6 1-0

[Event "GER-ch U14 Girls"]
[Site "Oberhof"]
[Date "2013.05.24"]
[Round "8"]
[White "Nobis, Anna"]
[Black "Kempe, Anne"]
[Result "1/2-1/2"]
[WhiteElo "1757"]
[BlackElo "1782"]
[PlyCount "58"]
[EventDate "2013.05.19"]
[EventType "swiss"]
[EventRounds "9"]
[EventCountry "GER"]
[SourceTitle "CBM 154 Extra"]
[Source "ChessBase"]
[SourceDate "2013.06.25"]
[SourceVersion "2"]
[SourceVersionDate "2013.06.25"]
[SourceQuality "1"]

1. e4 c5 2. Nf3 d6 3. Bb5+ Nc6 4. Bxc6+ bxc6 5. 0-0 e5 6. c3 f5 7. exf5 Bxf5 8. d4 e4 9. Re1 d5 10. Qc2 Be7 11. Ne5 Qb6 12. Be3 Nf6 13. Nd2 0-0 14. b3 Bd6 15. f4 Nd7 16. h3 Be6 17. Kh2 Be7 18. Rab1 Rac8 19. b4 c4 20. a4 a6 21. a5 Qd8 22. Rf1 Qe8 23. Qd1 Nxe5 24. fxe5 Rxf1 25. Qxf1 Qg6 26. Qe2 Bh4 27. Bf4 Rf8 28. Qe3 Bd7 29. Rf1 Re8 1/2-1/2

[Event "GER-ch U14 Girls"]
[Site "Oberhof"]
[Date "2013.05.23"]
[Round "7"]
[White "Simon, Tessa"]
[Black "Kempe, Anne"]
[Result "0-1"]
[WhiteElo "1547"]
[BlackElo "1782"]
[PlyCount "86"]
[EventDate "2013.05.19"]
[EventType "swiss"]
[EventRounds "9"]
[EventCountry "GER"]
[SourceTitle "CBM 154 Extra"]
[Source "ChessBase"]
[SourceDate "2013.06.25"]
[SourceVersion "2"]
[SourceVersionDate "2013.06.25"]
[SourceQuality "1"]

1. e4 c5 2. Nf3 d6 3. d4 cxd4 4. Nxd4 Nf6 5. Nc3 Nc6 6. f3 e5 7. Nb3 Be7 8. Be3 Be6 9. Nd5 Rc8 10. Qd2 0-0 11. c4 b6 12. Be2 Ne8 13. 0-0 f5 14. Rad1 f4 15. Bf2 Bh4 16. g3 fxg3 17. Bxg3 Bxg3 18. hxg3 Ne7 19. Kg2 Nxd5 20. cxd5 Bd7 21. Rh1 Qf6 22. Rh2 Qg6 23. Rdh1 Nf6 24. Bd3 Qf7 25. f4 g6 26. fxe5 dxe5 27. Rf1 Qg7 28. Kg1 Ng4 29. Rxf8+ Rxf8 30. Rg2 Qf7 31. Qe2 h5 32. Nd2 Rc8 33. Nf1 Qf8 34. Qd2 Qc5+ 35. Kh1 Rf8 36. Qc2 Qxc2 37. Rxc2 Nf2+ 38. Kg2 Nxd3 39. Ne3 Nc5 40. Nc4 Re8 41. Nd6 Re7 42. b4 Nd3 43. Rc7 Bh3+ 0-1

[Event "GER-ch U14 Girls"]
[Site "Oberhof"]
[Date "2013.05.21"]
[Round "5"]
[White "Sherif, Amina"]
[Black "Kempe, Anne"]
[Result "1-0"]
[WhiteElo "1630"]
[BlackElo "1782"]
[PlyCount "117"]
[EventDate "2013.05.19"]
[EventType "swiss"]
[EventRounds "9"]
[EventCountry "GER"]
[SourceTitle "CBM 154 Extra"]
[Source "ChessBase"]
[SourceDate "2013.06.25"]
[SourceVersion "2"]
[SourceVersionDate "2013.06.25"]
[SourceQuality "1"]

1. e4 c5 2. Nf3 d6 3. c3 Nf6 4. h3 Nc6 5. Bd3 g6 6. Bc2 Bg7 7. 0-0 0-0 8. Re1 Nd7 9. d3 b5 10. Be3 Bb7 11. d4 Qc7 12. Nbd2 Na5 13. Rc1 c4 14. Nf1 Nc6 15. Qd2 Rfe8 16. Ng3 a5 17. Bb1 Ba6 18. Red1 Rab8 19. Qe2 Qb7 20. Qc2 Rec8 21. b3 b4 22. bxc4 Bxc4 23. cxb4 Nxb4 24. Qd2 Qb5 25. a3 Nc6 26. Bd3 Bxd3 27. Qxd3 Na7 28. Qxb5 Nxb5 29. Bd2 Nxd4 30. Nxd4 Bxd4 31. Rxc8+ Rxc8 32. Bxa5 Bb2 33. Bb4 Rc2 34. Kf1 Nc5 35. f3 Na6 36. Rb1 Nxb4 37. axb4 Bd4 38. Ne2 Bb6 39. Ke1 Kf8 40. Nf4 e6 41. Ne2 Ke7 42. Kd1 Ra2 43. Nf4 Kd7 44. Ne2 f5 45. exf5 gxf5 46. Rb3 e5 47. f4 e4 48. Rg3 Ke6 49. Rg7 Ra7 50. Rg3 d5 51. Rc3 Rc7 52. Ra3 Rc6 53. Ra8 Ke7 54. Rh8 h6 55. Ng3 Rf6 56. Rxh6 Rxh6 57. Nxf5+ Kf6 58. Nxh6 Be3 59. Ng4+ 1-0

[Event "GER-ch U14 Girls"]
[Site "Oberhof"]
[Date "2013.05.20"]
[Round "3"]
[White "Kempe, Anne"]
[Black "Sieber, Fiona"]
[Result "1-0"]
[WhiteElo "1782"]
[BlackElo "1836"]
[PlyCount "105"]
[EventDate "2013.05.19"]
[EventType "swiss"]
[EventRounds "9"]
[EventCountry "GER"]
[SourceTitle "CBM 154 Extra"]
[Source "ChessBase"]
[SourceDate "2013.06.25"]
[SourceVersion "2"]
[SourceVersionDate "2013.06.25"]
[SourceQuality "1"]

1. e4 c5 2. Nc3 Nc6 3. Nf3 d6 4. d4 cxd4 5. Nxd4 Nf6 6. Bg5 e6 7. Qd2 Qb6 8. Bxf6 gxf6 9. Nb3 Bd7 10. f4 0-0-0 11. 0-0-0 a6 12. Be2 h5 13. Rhf1 Kb8 14. Rf3 Ne5 15. Rh3 h4 16. Kb1 Ng6 17. g4 Bh6 18. g5 fxg5 19. fxg5 Bf8 20. Rf1 Be8 21. Bd1 Bg7 22. Qg2 Be5 23. Qd2 Rc8 24. Ne2 Qd8 25. Ned4 Qe7 26. c3 Bd7 27. Rhf3 Rh7 28. R3f2 Rc7 29. Be2 Bc8 30. Bd3 b6 31. Ne2 Qd8 32. Nbd4 Bb7 33. Nf3 Bg7 34. Ned4 Ka7 35. Nc2 Rh8 36. Na3 Rf8 37. Nc4 Rd7 38. Qe3 Bc6 39. Nd4 Bb7 40. Nf3 Ba8 41. Ncd2 Re8 42. Nb3 Qc7 43. Re1 Rde7 44. Nbd4 Qc5 45. Qd2 Rd7 46. Nb3 Qc7 47. Nbd4 Be5 48. Bb5 Bf4 49. Qc2 Red8 50. Bxd7 Rxd7 51. Nxh4 Bxg5 52. Nxg6 e5 53. Nf3 1-0

[Event "Sachsen-ch U14 Girls"]
[Site "Sebnitz"]
[Date "2013.04.03"]
[Round "3"]
[White "Kempe, Anne"]
[Black "Simon, Tessa"]
[Result "0-1"]
[WhiteElo "1816"]
[BlackElo "1594"]
[PlyCount "112"]
[EventDate "2013.04.02"]
[EventType "swiss"]
[EventRounds "7"]
[EventCountry "GER"]
[SourceTitle "EXT 2014"]
[Source "ChessBase"]
[SourceDate "2013.11.20"]
[SourceVersion "1"]
[SourceVersionDate "2013.11.20"]
[SourceQuality "1"]

1. e4 e5 2. Bc4 Nf6 3. d3 Bc5 4. Nf3 d6 5. c3 Nc6 6. Bb3 Be6 7. Ng5 Qd7 8. Nxe6 fxe6 9. Be3 Bxe3 10. fxe3 0-0-0 11. Bc2 d5 12. Nd2 Rhf8 13. d4 exd4 14. exd4 e5 15. dxe5 Nxe5 16. 0-0 Kb8 17. exd5 Qb5 18. Nb3 Neg4 19. Qc1 Qe2 20. Bf5 Nxd5 21. Qd1 Qxd1 22. Raxd1 Nge3 23. Bxh7 Rxf1+ 24. Rxf1 Nxf1 25. Kxf1 Ne3+ 26. Kf2 Nd1+ 27. Ke2 Nxb2 28. Kf3 Rh8 29. Be4 Rxh2 30. Nc5 c6 31. Ne6 Nd1 32. c4 Nc3 33. Bc2 Nxa2 34. Nxg7 Nb4 35. Bd1 a5 36. Ne6 Rh1 37. Ke2 b5 38. cxb5 cxb5 39. Nd4 Rg1 40. Nxb5 Rxg2+ 41. Ke3 Rg5 42. Ba4 Kb7 43. Nd6+ Ka6 44. Ne4 Rd5 45. Nf2 Kb6 46. Bb3 Rd8 47. Ba4 Kc5 48. Ne4+ Kc4 49. Nd2+ Kc3 50. Ne4+ Kb2 51. Nc5 Ka3 52. Nb7 Rd3+ 53. Ke4 Kxa4 54. Nc5+ Ka3 55. Nxd3 Nxd3 56. Kxd3 Kb2 0-1

[Event "Sachsen-ch U14 Girls"]
[Site "Sebnitz"]
[Date "2013.04.02"]
[Round "1"]
[White "Kempe, Anne"]
[Black "Pfuetzner, Lisa"]
[Result "1-0"]
[WhiteElo "1816"]
[BlackElo "1123"]
[PlyCount "43"]
[EventDate "2013.04.02"]
[EventType "swiss"]
[EventRounds "7"]
[EventCountry "GER"]
[SourceTitle "EXT 2014"]
[Source "ChessBase"]
[SourceDate "2013.11.20"]
[SourceVersion "1"]
[SourceVersionDate "2013.11.20"]
[SourceQuality "1"]

1. e4 c5 2. Nf3 d6 3. d4 cxd4 4. Nxd4 Nf6 5. Nc3 g6 6. Be2 Bg7 7. h3 0-0 8. 0-0 Bd7 9. Be3 Nc6 10. Qd2 Rc8 11. f4 e5 12. Ndb5 exf4 13. Bxf4 Nh5 14. Bxh5 gxh5 15. Be3 a6 16. Nxd6 Ra8 17. Nxb7 Qc7 18. Nc5 Ne5 19. Nd5 Qd8 20. Bd4 Bb5 21. Rf5 f6 22. Ne6 1-0

[Event "GER-chT U14 Girls"]
[Site "Magdeburg"]
[Date "2012.12.29"]
[Round "6.2"]
[White "Kempe, Anne"]
[Black "Lohrmann, Tabea"]
[Result "1/2-1/2"]
[WhiteElo "1660"]
[BlackElo "1461"]
[PlyCount "98"]
[EventDate "2012.12.27"]
[EventType "team-swiss"]
[EventRounds "7"]
[EventCountry "GER"]
[SourceTitle "EXT 2014"]
[Source "ChessBase"]
[SourceDate "2013.11.20"]
[SourceVersion "1"]
[SourceVersionDate "2013.11.20"]
[SourceQuality "1"]
[WhiteTeam "Chemnitz Aufbau"]
[BlackTeam "Freiburg Zaehringen"]
[WhiteTeamCountry "GER"]
[BlackTeamCountry "GER"]

1. e4 e5 2. Bc4 Nf6 3. d3 Bc5 4. Nf3 Nc6 5. c3 d6 6. Bb3 a6 7. 0-0 0-0 8. Nbd2 Bg4 9. h3 Be6 10. Bc2 Qd7 11. Re1 Rfe8 12. Nf1 Rad8 13. Bg5 Qe7 14. Ng3 h6 15. Be3 Bxe3 16. fxe3 d5 17. d4 exd4 18. exd4 dxe4 19. Nxe4 Nxe4 20. Bxe4 Qd6 21. Qc2 Bd5 22. Bxd5 Qxd5 23. a3 Re7 24. Rxe7 Nxe7 25. Re1 Ng6 26. Qf2 Nf4 27. Ne5 g5 28. Rf1 Re8 29. Kh2 f6 30. Ng4 Kg7 31. Qf3 Qxf3 32. Rxf3 Re2 33. Rf2 Rxf2 34. Nxf2 h5 35. Kg3 Kg6 36. Kf3 f5 37. h4 Nd5 38. g3 g4+ 39. Kg2 f4 40. Ne4 Ne3+ 41. Kf2 Nd1+ 42. Ke2 fxg3 43. Nxg3 Nxb2 44. Ne4 Na4 45. Kd3 Kf5 46. Ng3+ Kg6 47. Ne4 Nb2+ 48. Ke2 Nc4 49. a4 b6 1/2-1/2

[Event "GER-chT U14 Girls"]
[Site "Magdeburg"]
[Date "2012.12.27"]
[Round "2.2"]
[White "Kempe, Anne"]
[Black "Arnhold, Steffi"]
[Result "1-0"]
[WhiteElo "1660"]
[BlackElo "1392"]
[PlyCount "107"]
[EventDate "2012.12.27"]
[EventType "team-swiss"]
[EventRounds "7"]
[EventCountry "GER"]
[SourceTitle "EXT 2014"]
[Source "ChessBase"]
[SourceDate "2013.11.20"]
[SourceVersion "1"]
[SourceVersionDate "2013.11.20"]
[SourceQuality "1"]
[WhiteTeam "Chemnitz Aufbau"]
[BlackTeam "Grimma"]
[WhiteTeamCountry "GER"]
[BlackTeamCountry "GER"]

1. e4 c5 2. Nf3 d6 3. d4 cxd4 4. Nxd4 Nf6 5. Nc3 a6 6. Bg5 e6 7. f4 Be7 8. Qf3 Nc6 9. Nb3 Bd7 10. 0-0-0 b5 11. Ne2 Rc8 12. Kb1 Qc7 13. Rc1 a5 14. Nbd4 b4 15. h3 a4 16. Qd3 a3 17. b3 Nxd4 18. Qxd4 Bb5 19. Qxb4 Bxe2 20. Bxe2 d5 21. Bb5+ Kf8 22. Qd4 dxe4 23. Rhe1 Rd8 24. Qc4 Qd6 25. Bxf6 Bxf6 26. c3 Qd2 27. Re2 Qxf4 28. Qb4+ Be7 29. Qxe4 Qxe4+ 30. Rxe4 Rd2 31. Re2 Rxe2 32. Bxe2 f5 33. c4 Bc5 34. Rd1 Ke7 35. Kc2 h5 36. Kc3 g5 37. b4 Ba7 38. c5 g4 39. Rd3 Rg8 40. hxg4 hxg4 41. Re3 Bb8 42. b5 f4 43. Rd3 f3 44. Bf1 f2 45. c6 Rd8 46. Rxd8 Kxd8 47. b6 g3 48. c7+ Bxc7 49. bxc7+ Kxc7 50. Kb3 Kd6 51. Kxa3 Kd5 52. Kb3 Kd4 53. Kc2 Ke3 54. a4 1-0

[Event "GER-chT Lands U20"]
[Site "Hannover"]
[Date "2012.10.02"]
[Round "6.7"]
[White "Diener, Carolin Valeria"]
[Black "Kempe, Anne"]
[Result "0-1"]
[WhiteElo "1574"]
[BlackElo "1766"]
[PlyCount "110"]
[EventDate "2012.09.29"]
[EventType "team-swiss"]
[EventRounds "7"]
[EventCountry "GER"]
[SourceTitle "CBM 150 Extra"]
[Source "ChessBase"]
[SourceDate "2012.10.19"]
[SourceVersion "1"]
[SourceVersionDate "2012.10.19"]
[SourceQuality "1"]
[WhiteTeam "Hessen II"]
[BlackTeam "Sachsen"]
[WhiteTeamCountry "GER"]
[BlackTeamCountry "GER"]

1. e4 c5 2. Nf3 d6 3. d4 cxd4 4. Nxd4 Nf6 5. Nc3 Nc6 6. Bc4 Qb6 7. Nb3 e6 8. 0-0 Be7 9. Be3 Qc7 10. f4 a6 11. a4 b6 12. Bd3 0-0 13. Qf3 Bb7 14. Qg3 Rfd8 15. Qh3 h6 16. Rad1 Nb4 17. f5 Nxd3 18. cxd3 exf5 19. Qxf5 Rf8 20. Rf3 Bc8 21. Nd5 Nxd5 22. Qxd5 Be6 23. Qd4 Bxb3 24. Rc1 Qd8 25. Qb4 Be6 26. Qxb6 Qxb6 27. Bxb6 Rab8 28. a5 Rbc8 29. Rff1 Bf6 30. b4 Rxc1 31. Rxc1 Rc8 32. Rxc8+ Bxc8 33. d4 Bb7 34. d5 Bc3 35. Kf2 Bxb4 36. Ke3 Kf8 37. Kd4 Ke7 38. Kc4 Bd2 39. g3 Kf6 40. Bd8+ Ke5 41. Kd3 Bb4 42. Bb6 Bc5 43. Bc7 Bc8 44. Bd8 Bd7 45. Be7 Bb5+ 46. Kc3 Kxe4 47. Bf8 Bd4+ 48. Kb4 Kxd5 49. g4 Ke5 50. Bxg7+ Ke4 51. Bxh6 Kf3 52. g5 Kg4 53. Kb3 Be5 54. Kc2 Bxh2 55. Kc3 Bf4 0-1

[Event "GER-chT Lands U20"]
[Site "Hannover"]
[Date "2012.09.30"]
[Round "3.7"]
[White "Kempe, Anne"]
[Black "Bernstengel, Aaron"]
[Result "1/2-1/2"]
[WhiteElo "1766"]
[BlackElo "1711"]
[PlyCount "101"]
[EventDate "2012.09.29"]
[EventType "team-swiss"]
[EventRounds "7"]
[EventCountry "GER"]
[SourceTitle "CBM 150 Extra"]
[Source "ChessBase"]
[SourceDate "2012.10.19"]
[SourceVersion "1"]
[SourceVersionDate "2012.10.19"]
[SourceQuality "1"]
[WhiteTeam "Sachsen"]
[BlackTeam "Hamburg"]
[WhiteTeamCountry "GER"]
[BlackTeamCountry "GER"]

1. e4 e6 2. d4 d5 3. Nc3 Bb4 4. e5 c5 5. a3 Bxc3+ 6. bxc3 Ne7 7. Nf3 Nbc6 8. Be2 Bd7 9. 0-0 Qb6 10. Be3 Nf5 11. Qd2 Nxe3 12. fxe3 0-0 13. Ng5 Qd8 14. Nh3 f5 15. exf6 Rxf6 16. Rxf6 Qxf6 17. Rf1 Qe7 18. a4 Na5 19. Ra1 e5 20. Nf2 e4 21. c4 Nxc4 22. Bxc4 dxc4 23. Qc3 b5 24. axb5 Bxb5 25. dxc5 Qxc5 26. Nxe4 Qc6 27. Ng3 Qd7 28. Qd4 a6 29. Rd1 Rd8 30. c3 a5 31. Ne4 Qxd4 32. exd4 a4 33. Ra1 Be8 34. Kf2 Ra8 35. Nd6 Bf7 36. Nxf7 Kxf7 37. Ke3 Ke6 38. Kd2 Kd5 39. Kc2 Rf8 40. Rxa4 Rf2+ 41. Kb1 Rxg2 42. Ra2 Rg1+ 43. Kb2 Rg2+ 44. Ka3 Rxa2+ 45. Kxa2 g5 46. Kb1 h5 47. Kc2 g4 48. Kd2 Ke4 49. Ke2 h4 50. Kf2 Kf4 51. Kg2 1/2-1/2

[Event "GER-chT Lands U20"]
[Site "Hannover"]
[Date "2012.09.30"]
[Round "2.7"]
[White "Muckle, Julius"]
[Black "Kempe, Anne"]
[Result "1-0"]
[WhiteElo "1710"]
[BlackElo "1766"]
[PlyCount "119"]
[EventDate "2012.09.29"]
[EventType "team-swiss"]
[EventRounds "7"]
[EventCountry "GER"]
[SourceTitle "CBM 150 Extra"]
[Source "ChessBase"]
[SourceDate "2012.10.19"]
[SourceVersion "1"]
[SourceVersionDate "2012.10.19"]
[SourceQuality "1"]
[WhiteTeam "Rheinland Pfalz"]
[BlackTeam "Sachsen"]
[WhiteTeamCountry "GER"]
[BlackTeamCountry "GER"]

1. d4 Nf6 2. c4 g6 3. Nc3 Bg7 4. e4 d6 5. f3 0-0 6. Be3 a6 7. Qd2 Nbd7 8. Be2 c5 9. d5 Qa5 10. f4 Nb6 11. h3 Na4 12. Nxa4 Qxa4 13. Bd3 Ne8 14. Nf3 Nc7 15. b3 Qd7 16. Rb1 b5 17. b4 cxb4 18. Rxb4 a5 19. Rb1 b4 20. Bd4 Bxd4 21. Nxd4 Na6 22. a3 Bb7 23. axb4 Nxb4 24. Nc2 Nxc2+ 25. Bxc2 Qc7 26. Bd3 Ba6 27. Qe3 Rab8 28. 0-0 Rxb1 29. Rxb1 Rb8 30. Rxb8+ Qxb8 31. Kh2 Qc7 32. Kg3 Qc5 33. Qxc5 dxc5 34. Kf3 a4 35. Bc2 Bxc4 36. Bxa4 f5 37. Bc2 fxe4+ 38. Kxe4 Bf1 39. Kf3 Kf7 40. h4 Ke8 41. g3 Kd7 42. f5 Kd6 43. fxg6 hxg6 44. Bxg6 Bc4 45. Be4 Bxd5 46. Bxd5 Kxd5 47. h5 Ke6 48. Ke4 Kf6 49. Kd5 e5 50. Kxc5 Kf5 51. Kd5 e4 52. Kd4 Kg4 53. Kxe4 Kxh5 54. Kf5 Kh6 55. g4 Kh7 56. Kf6 Kh6 57. g5+ Kh7 58. Kf7 Kh8 59. Kg6 Kg8 60. Kh6 1-0

[Event "GER-ch U14 Girls"]
[Site "Oberhof"]
[Date "2012.06.01"]
[Round "8"]
[White "Kempe, Anne"]
[Black "Wiesner, Paula"]
[Result "0-1"]
[WhiteElo "1682"]
[BlackElo "1739"]
[PlyCount "48"]
[EventDate "2012.05.27"]
[EventType "swiss"]
[EventRounds "9"]
[EventCountry "GER"]
[SourceTitle "CBM 148 Extra"]
[Source "ChessBase"]
[SourceDate "2012.06.22"]
[SourceVersion "1"]
[SourceVersionDate "2012.06.22"]
[SourceQuality "1"]

1. e4 e6 2. d4 d5 3. Nc3 Bb4 4. e5 Ne7 5. a3 Bxc3+ 6. bxc3 b6 7. f4 Ba6 8. Bxa6 Nxa6 9. Nf3 Qd7 10. a4 Nb8 11. 0-0 Nbc6 12. Qd3 Na5 13. Nd2 Rc8 14. Rf3 c5 15. Rg3 Ng6 16. Rf3 cxd4 17. cxd4 Nc4 18. Nxc4 Rxc4 19. a5 0-0 20. axb6 axb6 21. c3 Ra4 22. Rb1 Qc6 23. f5 exf5 24. Qxf5 Nh4 0-1

[Event "GER-ch U14 Girls"]
[Site "Oberhof"]
[Date "2012.05.31"]
[Round "7"]
[White "Bluhm, Sonja Maria"]
[Black "Kempe, Anne"]
[Result "1-0"]
[WhiteElo "2001"]
[BlackElo "1682"]
[PlyCount "39"]
[EventDate "2012.05.27"]
[EventType "swiss"]
[EventRounds "9"]
[EventCountry "GER"]
[SourceTitle "CBM 148 Extra"]
[Source "ChessBase"]
[SourceDate "2012.06.22"]
[SourceVersion "1"]
[SourceVersionDate "2012.06.22"]
[SourceQuality "1"]

1. e4 c5 2. Nc3 Nc6 3. Bb5 e6 4. Bxc6 bxc6 5. d3 d5 6. f4 f6 7. Nf3 Bd6 8. 0-0 Ne7 9. e5 fxe5 10. fxe5 Bc7 11. Nh4 g6 12. Qe2 Nf5 13. Nxf5 exf5 14. Bh6 Qd7 15. Rae1 Ba5 16. e6 Qd6 17. Rxf5 d4 18. Ne4 Qe7 19. Rf7 Qd8 20. Nf6+ 1-0